000 00812nam a22002657a 4500
003 UA-OsUOA
001 21830
007 ta
008 20031215b un ||||| |||| 00| 0 ukr d
100 _aАладьев Виктор Захарович
700 _aТупало Владимир Геннадьевич
090 _a004(035)
_bА45
942 _cBK
040 _aUA-OsUOA
_brus
_cUA-OsUOA
_dUA-OsUOA
245 _aКомпьютерная хрестоматия
_bПрограммное обеспечение персональных компьютеров
300 _a448 с.
955 _a0
041 _arus
080 _a004(035)
020 _a5-88500-050-0
260 _aКиев
_bУкраинская энциклопедия
_c1993
044 _aUA
650 7 _2UDC
999 _c308039
_d308039